|
|
|
|
| LEADER |
00000nta a2200000 i 4500 |
| 001 |
dolg86 |
| 005 |
20150326152913.0 |
| 008 |
140927suuuu hu om 000 hun d |
| 040 |
|
|
|a BGE Dolgozattár Repozitórium
|b hun
|
| 041 |
|
|
|a hu
|
| 100 |
1 |
|
|a Dózsa Péter
|
| 245 |
1 |
0 |
|a Magyar Turizmus Zrt. külképviseletének tevékenységének elemzése
|c Dózsa Péter
|h [elektronikus dokumentum]
|
| 695 |
|
|
|a marketing
|
| 695 |
|
|
|a Magyar Turizmus Zrt.
|
| 700 |
1 |
|
|a Bartosné Bujdosó Dr. Judit
|e ths
|
| 856 |
4 |
0 |
|u http://dolgozattar.uni-bge.hu/86/1/szakdolgozat2.pdf
|z Dokumentum-elérés
|
| 856 |
4 |
0 |
|u http://dolgozattar.uni-bge.hu/86/2/szakdolgozat%20sz%C3%A1mozatlan%20oldalak.pdf
|z Dokumentum-elérés
|